| 000 | 00000nas##2200000za#4500 |
|---|---|
| 001 | 9.507518 |
| 003 | CaOODSP |
| 005 | 20210305151627 |
| 007 | cr ||||||||||| |
| 008 | 150406c2002||||xxc|| p o||||f| |0eng|d |
| 040 | |aCaOODSP|beng |
| 043 | |an-cn--- |
| 086 | 1 |aX12-1E-PDF |
| 110 | 1 |aCanada. |bParliament. |bHouse of Commons. |
| 245 | 10|aIndividual members' expenditures for the fiscal year ... |h[electronic resource] |
| 260 | |aOttawa - Ontario : |bHouse of Commons |
| 310 | |aAnnual |
| 362 | 1 |a[2001-2002]-- |
| 775 | 08|tDépenses par député pour l'exercice ... |w(CaOODSP)9.503908 |